Krisis dan konflik institusi keluarga

Bibliographic Details
Main Author: Abd. Rahim Abd. Rashid
Corporate Author: Title
Format: Book
Published: Kuala Lumpur : Utusan Publications & Distributors , 2006
Series:Siri pembangunan keluarga Utusan
Subjects:

MARC

LEADER 00000cam a2200000 7i4500
001 0000012756
005 20080102.0
008 080102
020 |a 9676118621 
090 0 0 |a 362.8209595   |b ABD 
100 0 |a Abd. Rahim Abd. Rashid 
245 1 0 |a Krisis dan konflik institusi keluarga   |c Abd. Rahim Abd. Rashid, Sufean Hussin, Che Hashim Hassan 
260 |a Kuala Lumpur :   |b Utusan Publications & Distributors ,   |c 2006 
440 |a Siri pembangunan keluarga Utusan 
650 0 |a Communication in marriage   |z Malaysia   |x Congresses 
650 0 |a Communication in the family   |z Malaysia   |x Congresses 
650 0 |a Marital conflict   |z Malaysia   |x Congresses 
650 0 |a Problem families   |z Malaysia   |x Congresses 
710 0 |a Title 
999 |a 0001010360   |b Book   |c Adult Collection   |e Perbadanan Perpustakaan Awam Johor 
999 |a 0001010362   |b Book   |c Adult Collection   |e Perbadanan Perpustakaan Awam Johor 
999 |a 0001018083   |b Book   |c Adult Collection   |e Cawangan Pontian 
999 |a 0001018084   |b Book   |c Adult Collection   |e Cawangan Bandar Penawar